Structure and abrasive wear resistance of electron-beam carbon-nitrogen coatings; Metal Science and Heat Treatment; Vol. 50, iss. 5

Dettagli Bibliografici
Parent link:Metal Science and Heat Treatment: Scientific Journal
Vol. 50, iss. 5.— 2008.— [P. 295-299]
Autore principale: Narkevich N. A.
Altri autori: Darenskaya E. A. Elena Anatolievna
Riassunto:Title screen
The structure and abrasive wear resistance have been examined for carbon-bearing nitride coatings produced by electron-beam melting, which are related to the method of preparing the powder and the carbon content of it.
Режим доступа: по договору с организацией-держателем ресурса
Lingua:inglese
Pubblicazione: 2008
Soggetti:
Accesso online:http://dx.doi.org/10.1007/s11041-008-9045-0
Natura: MixedMaterials Elettronico Capitolo di libro
KOHA link:https://koha.lib.tpu.ru/cgi-bin/koha/opac-detail.pl?biblionumber=638013

MARC

LEADER 00000naa0a2200000 4500
001 638013
005 20250124134659.0
035 |a (RuTPU)RU\TPU\network\2214 
035 |a RU\TPU\network\2210 
090 |a 638013 
100 |a 20141121d2008 k||y0rusy50 ba 
101 0 |a eng 
102 |a US 
135 |a drcn ---uucaa 
181 0 |a i  
182 0 |a b 
200 1 |a Structure and abrasive wear resistance of electron-beam carbon-nitrogen coatings  |f N. A. Narkevich, E. A. Ivanova 
203 |a Text  |c electronic 
300 |a Title screen 
320 |a [References:: p. 299 (12 tit.)] 
330 |a The structure and abrasive wear resistance have been examined for carbon-bearing nitride coatings produced by electron-beam melting, which are related to the method of preparing the powder and the carbon content of it. 
333 |a Режим доступа: по договору с организацией-держателем ресурса 
461 |t Metal Science and Heat Treatment  |o Scientific Journal 
463 |t Vol. 50, iss. 5  |v [P. 295-299]  |d 2008 
610 1 |a электронный ресурс 
610 1 |a труды учёных ТПУ 
610 1 |a электронно-лучевые покрытия 
610 1 |a азотистые покрытия 
610 1 |a износостойкость 
610 1 |a структура 
700 1 |a Narkevich  |b N. A. 
701 1 |a Darenskaya  |b E. A.  |c specialist in the field of material science  |c Associate Professor of Tomsk Polytechnic University, Candidate of technical sciences  |c maiden name Ivanova  |f 1982-  |g Elena Anatolievna  |3 (RuTPU)RU\TPU\pers\33039  |9 16874 
801 2 |a RU  |b 63413507  |c 20170113  |g RCR 
856 4 |u http://dx.doi.org/10.1007/s11041-008-9045-0 
942 |c CF